| 000 | 00494nam a2200169Ia 4500 | ||
|---|---|---|---|
| 008 | 230718s9999 xx 000 0 und d | ||
| 020 | _a9780007353378 | ||
| 041 | _aeng | ||
| 082 |
_a796.35'8'0924'13 _bSAN |
||
| 100 |
_aSandford C. _9193447 |
||
| 245 |
_aImran Khan _bThe Cricketer, The Celebrity, The Politician |
||
| 260 |
_c2009 _bHarper Collins |
||
| 300 | _a402 | ||
| 365 |
_cRs. _b499.00 |
||
| 700 |
_aSandford C. _9193447 |
||
| 906 |
_dO:0282527-Apr-2012B:5411-Apr-2012 _cGENRL _b124.75 |
||
| 999 |
_c330610 _d330610 |
||